000 00460nab a2200181 a 4500
001 99706
003 182745
005 20201118113550.0
008 ||||||n9999 ||| || ||
245 0 _aReflexiones críticas sobre la participación en Colombia
300 _app.102-110
562 _e0
650 _aCOLOMBIA
650 _aPARTICIPACIÓN
650 _aPRÁCTICA PARTICIPATIVA
773 _099691
_aPaso a Paso - Vol.3 No.3 :
942 _cSART
999 _c99706
_d99706